00780nam a22002057a 4500003000400000005001700004008004100021020001800062100002900080245010900109260003700218440007500255653002100330653004500351653003900396653003500435653003100470700002800501856004500529OSt20221207152246.0221207b |||||||| |||| 00| 0 eng d a9781107337862 aGiné, Evarist eAuthor aMathematical foundations of infinite-dimensional statistical modelscby Evarist Giné and Richard Nickl bCambridge University Pressc2015 aCambridge series in statistical and probabilistic mathematics; no. 40 aComputer Science aPattern Recognition and Machine Learning aGeneral Statistics and Probability aStatistical Theory and Methods aStatistics and Probability aNickl, Richard eAuthor uhttps://doi.org/10.1017/CBO9781107337862